书目信息 |
| 题名: |
宪法学
|
|
| 作者: | 费春 , 邹平学 主编 | |
| 分册: | ||
| 出版信息: | 北京 中国民主法制出版社 2005.8 |
|
| 页数: | 411页 | |
| 开本: | 23cm | |
| 丛书名: | ||
| 单 册: | ||
| 中图分类: | D911.01-43 | |
| 科图分类: | ||
| 主题词: | 法的理论--fa de li lun , 宪法--xian fa--法的理论--中国--高等学校--教材 | |
| 电子资源: | ||
| ISBN: | 7-80078-944-6 | |
| 000 | 01188nam0 2200289 45 | |
| 001 | 012005000000 | |
| 005 | 20061030090652.06 | |
| 010 | @a7-80078-944-6@dCNY43.50 | |
| 100 | @a20050908d2005 em y0chiy0121 ea | |
| 101 | 0 | @achi |
| 102 | @aCN@b110000 | |
| 105 | @ay z 000yy | |
| 200 | 1 | @a宪法学@Axian fa xue@f费春,邹平学主编@Ffei chun,zou ping xue zhu bian |
| 210 | @a北京@c中国民主法制出版社@d2005.8 | |
| 215 | @a411页@d23cm | |
| 300 | @a新世纪多科性大学法学应用规划教材 第二辑 | |
| 314 | @a费春,徐州师范大学法律政治学院副教授,武汉大学法学博士,中国法学教育理事会理事,著有《不成文宪法研究》等。 | |
| 314 | @a邹平学,深圳大学法学院副教授,深圳大学中国当代政治研究所兼职研究员,武汉大学法学博士,著有《宪政的经济分析》等。 | |
| 320 | @a有书目(第409-411页) | |
| 330 | @a本书认真总结、汲取20多年来我国宪法学的新成果、新进展,适应和反映我国现行宪法的4次重要修改所带来的宪法理论和实践的重大变动和新的发展。 | |
| 606 | 0 | @a法的理论@Afa de li lun |
| 606 | 0 | @a宪法@Axian fa@x法的理论@y中国@x高等学校@j教材 |
| 690 | @aD911.01-43@v4 | |
| 701 | 0 | @a费春@Afei chun@4主编 |
| 701 | 0 | @a邹平学@Azou ping xue@4主编 |
| 801 | 0 | @aCN@c20061030 |
| 905 | @apdsgxy@dD911.01-43@eF345 | |
| 宪法学/费春,邹平学主编.-北京:中国民主法制出版社,2005.8 |
| 411页;23cm |
| 新世纪多科性大学法学应用规划教材 第二辑 |
| ISBN 7-80078-944-6:CNY43.50 |
| 本书认真总结、汲取20多年来我国宪法学的新成果、新进展,适应和反映我国现行宪法的4次重要修改所带来的宪法理论和实践的重大变动和新的发展。 |
| ● |
| 相关链接 |
|
|
|
正题名:宪法学
索取号:D911.01-43/F345
 
预约/预借
| 序号 | 登录号 | 条形码 | 馆藏地/架位号 | 状态 | 备注 |
| 1 | 635501 | 206355013 | 社科库509/509社科库 80排8列3层/ [索取号:D911.01-43/F345] | 在馆 | |
| 2 | 635502 | 206355022 | 社科库509/509社科库 80排8列3层/ [索取号:D911.01-43/F345] | 在馆 |